000 00760cab a2200277 4500
001 WB2928-34
008 090401t1993 xxu||||| |||| 00| 0 eng d
035 _a(Sirsi) u76999
041 _aeng
100 _aPatterson, Tony
245 _aRussia moves towards property market
260 _c1993
350 _a0
490 _aCSW - The Property Week
_v44(4) 22 July 1993, 57(1)
520 _aDescribes the private ownership of land in Russia and developments in conveyancing.
650 _aLAND AUCTIONS
650 _aLAND OWNERSHIP
650 _aPRIVATISATION
650 _aPROPERTY OWNERSHIP
650 _aRUSSIA
650 _aSALE OF LAND
650 _aTRANSFER OF LAND
690 _aOVERSEAS-EUROPE
942 _n0
948 _c04/03/1997
999 _c48380
_d48380